[Event "Helsingor Xtracon op"]
[Site "Helsingor"]
[Date "2019.07.28"]
[Round "10"]
[White "Jarlskov, Daniel Tuk Hartso"]
[Black "Glibstrup, Jakob"]
[Result "0-1"]
[WhiteElo "1716"]
[BlackElo "1993"]
[PlyCount "80"]
[EventDate "2019.07.20"]
[EventType "swiss"]
[EventRounds "10"]
[EventCountry "DEN"]
[SourceTitle "CBM 191 Extra"]
[Source "ChessBase"]
[SourceDate "2019.09.30"]
[SourceVersion "1"]
[SourceVersionDate "2019.09.30"]
[SourceQuality "1"]

1. c4 e5 2. Nc3 Nc6 3. g3 g6 4. Bg2 Bg7 5. e4 d6 6. Nge2 f5 7. d3 Nf6 8. 0-0 0-0 9. Nd5 Ne7 10. Nxf6+ Bxf6 11. Bh6 Rf7 12. d4 fxe4 13. Bxe4 Nf5 14. Bd2 Be6 15. d5 Bd7 16. b4 b6 17. Qc2 Qf8 18. Rfc1 Nh6 19. c5 Bg7 20. f3 Bh3 21. Kh1 Rxf3 22. Ng1 Rf1 23. Rxf1 Bxf1 24. a4 bxc5 25. b5 Ng4 26. Nf3 Bh3 27. Ng5 Nf2+ 28. Kg1 Nxe4 29. Qxe4 Bf5 30. Qh4 h5 31. Rf1 Qe7 32. h3 Rf8 33. g4 Bd3 34. Rxf8+ Qxf8 35. Be3 Qf1+ 36. Kh2 e4 37. Bf2 Be5+ 38. Bg3 Qf2+ 39. Kh1 Bxg3 40. Nf3 Bxh4 0-1

[Event "Helsingor Xtracon op"]
[Site "Helsingor"]
[Date "2019.07.27"]
[Round "9"]
[White "Glibstrup, Jakob"]
[Black "Buchenau, Frank"]
[Result "0-1"]
[WhiteElo "1993"]
[BlackElo "2294"]
[PlyCount "44"]
[EventDate "2019.07.20"]
[EventType "swiss"]
[EventRounds "10"]
[EventCountry "DEN"]
[SourceTitle "CBM 191 Extra"]
[Source "ChessBase"]
[SourceDate "2019.09.30"]
[SourceVersion "1"]
[SourceVersionDate "2019.09.30"]
[SourceQuality "1"]

1. d4 e6 2. c4 Nf6 3. f3 d5 4. Nc3 c5 5. e3 Nc6 6. cxd5 exd5 7. Nge2 Bd6 8. g3 h5 9. Bg2 a6 10. f4 cxd4 11. Nxd4 h4 12. Nde2 Be6 13. f5 Bxf5 14. Nxd5 h3 15. 0-0 hxg2 16. Rxf5 Ng4 17. h4 g6 18. Rg5 Qxg5 19. Nef4 Rxh4 20. gxh4 Qxh4 21. Qxg4 Qh1+ 22. Kf2 Qf1+ 0-1

[Event "Helsingor Xtracon op"]
[Site "Helsingor"]
[Date "2019.07.24"]
[Round "6"]
[White "Christiansen, Torsten Sundgaar"]
[Black "Glibstrup, Jakob"]
[Result "0-1"]
[WhiteElo "1742"]
[BlackElo "1993"]
[PlyCount "79"]
[EventDate "2019.07.20"]
[EventType "swiss"]
[EventRounds "10"]
[EventCountry "DEN"]
[SourceTitle "CBM 191 Extra"]
[Source "ChessBase"]
[SourceDate "2019.09.30"]
[SourceVersion "1"]
[SourceVersionDate "2019.09.30"]
[SourceQuality "1"]

1. d4 Nf6 2. Bf4 g6 3. e3 Bg7 4. Nf3 d6 5. Bd3 Nh5 6. Bg3 Nxg3 7. hxg3 Nc6 8. c3 0-0 9. Nbd2 e5 10. dxe5 dxe5 11. Qc2 Qe7 12. 0-0-0 Be6 13. Kb1 a6 14. Ne4 h6 15. Ned2 Rab8 16. Nh4 b5 17. Bxg6 fxg6 18. Nxg6 Qf7 19. Nxf8 Rxf8 20. b3 Qxf2 21. Rdf1 Qxg3 22. Rxf8+ Bxf8 23. Qe4 Ne7 24. Rf1 Qg6 25. Kb2 Qxe4 26. Nxe4 Kg7 27. Nc5 Bc8 28. Rd1 Nf5 29. Rd5 Bd6 30. Ne4 Bb7 31. Nxd6 cxd6 32. Rd2 Kf6 33. g4 Nxe3 34. Rxd6+ Kg5 35. Rb6 Bc8 36. Rc6 Bxg4 37. Rxa6 Bf5 38. Ra5 Nd1+ 39. Ka3 Nxc3 40. Kb4 0-1

[Event "Helsingor Xtracon op"]
[Site "Helsingor"]
[Date "2019.07.21"]
[Round "2"]
[White "Buchal, Stephan"]
[Black "Glibstrup, Jakob"]
[Result "1-0"]
[WhiteElo "2260"]
[BlackElo "1993"]
[PlyCount "87"]
[EventDate "2019.07.20"]
[EventType "swiss"]
[EventRounds "10"]
[EventCountry "DEN"]
[SourceTitle "CBM 191 Extra"]
[Source "ChessBase"]
[SourceDate "2019.09.30"]
[SourceVersion "1"]
[SourceVersionDate "2019.09.30"]
[SourceQuality "1"]

1. c4 e5 2. g3 Nc6 3. Bg2 g6 4. Nc3 Bg7 5. e4 d6 6. Nge2 f5 7. d3 Nf6 8. 0-0 0-0 9. Nd5 h6 10. Be3 Ne7 11. Nxf6+ Rxf6 12. Qd2 g5 13. f4 exf4 14. gxf4 g4 15. Bd4 Rg6 16. Bxg7 Rxg7 17. Ng3 Qf8 18. Nh5 Rg6 19. e5 Nc6 20. d4 dxe5 21. fxe5 Rg5 22. Nf4 Qb4 23. Qf2 Ne7 24. Rac1 Ng6 25. Nd5 Qf8 26. Nxc7 f4 27. Bd5+ Kh8 28. Nxa8 Qf5 29. Rc3 g3 30. hxg3 h5 31. Bg2 h4 32. gxf4 Rg4 33. Rf3 Kg8 34. Qe3 b5 35. Nc7 Bb7 36. d5 bxc4 37. Kh2 h3 38. Bxh3 Rh4 39. Kg1 Qh5 40. Rg3 Kh8 41. Bg2 Qh7 42. f5 Ne7 43. Qg5 Rh6 44. Qxh6 1-0

[Event "Valby K41 op 0910"]
[Site "Valby"]
[Date "2010.01.05"]
[Round "4"]
[White "Skjoldager, Mikael"]
[Black "Glibstrup, Jakob"]
[Result "1/2-1/2"]
[WhiteElo "1753"]
[BlackElo "1954"]
[PlyCount "52"]
[EventDate "2009.11.03"]
[EventType "swiss"]
[EventRounds "9"]
[EventCountry "DEN"]
[SourceTitle "EXT 2018"]
[Source "ChessBase"]
[SourceDate "2017.10.13"]
[SourceVersion "1"]
[SourceVersionDate "2017.10.13"]
[SourceQuality "1"]

1. e4 Nf6 2. e5 Nd5 3. d4 d6 4. Nf3 Nc6 5. Bc4 Nb6 6. Bb3 dxe5 7. Nxe5 Nxe5 8. dxe5 Qxd1+ 9. Kxd1 Bf5 10. Be3 0-0-0+ 11. Ke2 Nd5 12. Rd1 Nxe3 13. Rxd8+ Kxd8 14. Kxe3 e6 15. Nc3 Bc5+ 16. Ke2 Ke7 17. Rd1 f6 18. Na4 Bb4 19. c3 Ba5 20. exf6+ gxf6 21. Nc5 b5 22. Rd7+ Ke8 23. Rg7 Kf8 24. Rd7 Ke8 25. Rd2 Ke7 26. Rd7+ Ke8 1/2-1/2

[Event "EU-ch U18 19th"]
[Site "Fermo"]
[Date "2009.09.01"]
[Round "2"]
[White "Getz, Nicolai"]
[Black "Glibstrup, Jakob"]
[Result "1-0"]
[WhiteElo "2219"]
[BlackElo "1978"]
[PlyCount "89"]
[EventDate "2009.08.31"]
[EventType "swiss"]
[EventRounds "9"]
[EventCountry "ITA"]
[SourceTitle "CBM 132 Extra"]
[Source "ChessBase"]
[SourceDate "2009.11.03"]
[SourceVersion "1"]
[SourceVersionDate "2009.11.03"]
[SourceQuality "1"]

1. e4 e5 2. Nf3 Nc6 3. Bc4 Bc5 4. d3 Nf6 5. 0-0 d6 6. c3 a6 7. Bb3 Ba7 8. Re1 0-0 9. h3 Be6 10. Bc2 h6 11. Nbd2 Nh5 12. Nf1 Qf6 13. Be3 Bxe3 14. Nxe3 Nf4 15. d4 Ne7 16. Kh2 Neg6 17. Nf5 Ne7 18. g3 Nfg6 19. Ne3 h5 20. Kg2 Rad8 21. d5 Bd7 22. h4 Nc8 23. Ng5 Nge7 24. Qxh5 Qh6 25. Qxh6 gxh6 26. Nh3 Nb6 27. g4 c6 28. c4 cxd5 29. cxd5 Rc8 30. Bd3 Na4 31. b3 Nc5 32. Bc2 Bb5 33. Red1 Rc7 34. a4 Bd7 35. b4 Nxe4 36. Bxe4 h5 37. g5 f5 38. gxf6 Rxf6 39. Rdc1 Rxc1 40. Rxc1 Bxh3+ 41. Kxh3 Rxf2 42. Rg1+ Kf8 43. Rf1 Rxf1 44. Nxf1 Ke8 45. Ng3 1-0

[Event "Politiken Cup 30th"]
[Site "Helsingor"]
[Date "2008.07.22"]
[Round "5"]
[White "Glibstrup, Jakob"]
[Black "Wimo, Jorgen"]
[Result "0-1"]
[WhiteElo "1971"]
[BlackElo "1809"]
[PlyCount "148"]
[EventDate "2008.07.19"]
[EventType "swiss"]
[EventRounds "10"]
[EventCountry "DEN"]
[SourceTitle "CBM 125 Extra"]
[Source "ChessBase"]
[SourceDate "2008.09.01"]
[SourceVersion "1"]
[SourceVersionDate "2008.09.01"]
[SourceQuality "1"]

1. d4 d5 2. c4 c6 3. Nc3 e6 4. Nf3 Nf6 5. Bg5 Nbd7 6. e4 dxe4 7. Nxe4 Qa5+ 8. Bd2 Bb4 9. Nd6+ Ke7 10. Nxc8+ Raxc8 11. Bd3 Rhd8 12. 0-0 Bxd2 13. Nxd2 Kf8 14. Qc2 h6 15. a3 Qh5 16. Nf3 e5 17. dxe5 Nxe5 18. Nxe5 Qxe5 19. Rfe1 Qc7 20. Bf5 Rb8 21. Rad1 Rxd1 22. Rxd1 Rd8 23. Rxd8+ Qxd8 24. Qd3 Qxd3 25. Bxd3 Ke7 26. b4 Nd7 27. f4 c5 28. Kf2 b6 29. Ke3 Ke6 30. g4 Kd6 31. h4 f6 32. b5 Nf8 33. h5 Ne6 34. Ke4 Nd4 35. Bb1 Ke6 36. Bd3 f5+ 37. gxf5+ Nxf5 38. Kf3 Ne7 39. Bf1 Kf6 40. Bh3 Nf5 41. Bg4 Nd6 42. Bd7 Nxc4 43. Ke4 Ke7 44. Bc6 Nd6+ 45. Ke5 Nc4+ 46. Ke4 Nd6+ 47. Ke3 Kf6 48. a4 Nf5+ 49. Kf2 Nd4 50. Be4 Ne6 51. Ke3 Nf8 52. Kf3 Ne6 53. Ke3 Nd4 54. Bd3 Ke6 55. Be4 Nf5+ 56. Kf3 c4 57. Bb1 Nd6 58. Ke3 Kd5 59. Bh7 Nb7 60. Bg6 Nd6 61. Bb1 Kc5 62. Bc2 Ne8 63. Bd1 Nf6 64. f5 Kb4 65. Kd4 c3 66. Ke5 Nxh5 67. Kd4 Nf6 68. Bc2 h5 69. Ke5 Ka3 70. Ke6 Kb2 71. Bd3 c2 72. Bxc2 Kxc2 73. Kf7 h4 74. Kxg7 Ne4 0-1

[Event "Politiken Cup 30th"]
[Site "Helsingor"]
[Date "2008.07.20"]
[Round "3"]
[White "Glibstrup, Jakob"]
[Black "Jogvansson, Hjalti Toftum"]
[Result "0-1"]
[WhiteElo "1971"]
[BlackElo "1750"]
[PlyCount "68"]
[EventDate "2008.07.19"]
[EventType "swiss"]
[EventRounds "10"]
[EventCountry "DEN"]
[SourceTitle "CBM 125 Extra"]
[Source "ChessBase"]
[SourceDate "2008.09.01"]
[SourceVersion "1"]
[SourceVersionDate "2008.09.01"]
[SourceQuality "1"]

1. e4 d5 2. exd5 Qxd5 3. Nc3 Qa5 4. d4 Nf6 5. Nf3 c6 6. Bc4 Bg4 7. Bd2 Qc7 8. h3 Bh5 9. g4 Bg6 10. Ne5 Nbd7 11. Nxg6 hxg6 12. Qe2 e6 13. 0-0-0 Nb6 14. Bb3 0-0-0 15. Be3 Bd6 16. Rd3 Nbd5 17. Nxd5 exd5 18. Qf3 b5 19. Kb1 Ne4 20. Qg2 f5 21. f3 Ng3 22. Rg1 f4 23. Bf2 Rde8 24. Bxg3 fxg3 25. Bxd5 b4 26. Be4 Re6 27. d5 cxd5 28. Rxd5 Bc5 29. Rgd1 Bf2 30. c3 bxc3 31. Rc1 Rc6 32. Rd3 c2+ 33. Ka1 Qf4 34. Rxc2 Qc1+ 0-1

[Event "Four Nations U20"]
[Site "Oslo"]
[Date "2007.11.30"]
[Round "1"]
[White "Glibstrup, Jakob"]
[Black "Lovik, Lasse Ostebo"]
[Result "1/2-1/2"]
[WhiteElo "1966"]
[BlackElo "2025"]
[PlyCount "72"]
[EventDate "2007.11.30"]
[EventType "team"]
[EventRounds "3"]
[EventCountry "NOR"]
[SourceTitle "CBM 121 Extra"]
[Source "ChessBase"]
[SourceDate "2008.01.10"]
[SourceVersion "1"]
[SourceVersionDate "2008.01.10"]
[SourceQuality "1"]

1. e4 c5 2. Nf3 Nc6 3. d4 cxd4 4. Nxd4 Nf6 5. Nc3 e5 6. Ndb5 d6 7. Bg5 a6 8. Na3 b5 9. Nd5 Be7 10. Bxf6 Bxf6 11. c3 0-0 12. Nc2 Bg5 13. Bd3 Ne7 14. Nce3 Bxe3 15. Nxe3 Be6 16. Nd5 Bxd5 17. exd5 f5 18. a4 Qb6 19. axb5 axb5 20. Rxa8 Rxa8 21. 0-0 b4 22. Qb3 Rb8 23. Rb1 bxc3 24. Qxb6 Rxb6 25. bxc3 Nxd5 26. Rxb6 Nxb6 27. Bxf5 Kf7 28. Kf1 g6 29. Bc2 Ke6 30. Ke2 d5 31. Kd3 Kd6 32. Bb3 Kc5 33. f3 g5 34. g3 Nd7 35. Ke3 Nf6 36. Bd1 Kc4 1/2-1/2

[Event "Wch U16"]
[Site "Kemer"]
[Date "2007.11.26"]
[Round "9"]
[White "Glibstrup, Jakob"]
[Black "Anastasijevic, Marko"]
[Result "1/2-1/2"]
[WhiteElo "1966"]
[BlackElo "1777"]
[PlyCount "137"]
[EventDate "2007.11.18"]
[EventType "swiss"]
[EventRounds "11"]
[EventCountry "TUR"]
[SourceTitle "CBM 121 Extra"]
[Source "ChessBase"]
[SourceDate "2008.01.10"]
[SourceVersion "1"]
[SourceVersionDate "2008.01.10"]
[SourceQuality "1"]

1. e4 c5 2. Nf3 Nc6 3. d4 cxd4 4. Nxd4 Nf6 5. Nc3 e5 6. Ndb5 d6 7. Bg5 a6 8. Na3 b5 9. Nd5 Be7 10. Bxf6 Bxf6 11. c3 Bg5 12. Nc2 0-0 13. a4 bxa4 14. Rxa4 a5 15. Nce3 Rb8 16. Qc2 Be6 17. Bc4 Kh8 18. 0-0 g6 19. Rd1 Bh6 20. Ra2 f5 21. Qa4 Qc8 22. Bb5 Na7 23. Bd3 Bxe3 24. fxe3 Bxd5 25. exd5 Qc5 26. Qxa5 Qxe3+ 27. Kh1 Rf7 28. b4 e4 29. Re2 Qb6 30. Qxb6 Rxb6 31. Bb1 Rc7 32. Rc2 Nb5 33. Rdc1 Na3 34. Rb2 Nc4 35. Re2 Kg7 36. Ba2 Kf6 37. Bxc4 Rxc4 38. Ree1 Ke5 39. Red1 Rb5 40. Kg1 Rxd5 41. Rxd5+ Kxd5 42. Kf2 Kc6 43. Ke2 Kb5 44. Rc2 Rc6 45. Kd2 Ra6 46. Ke3 Kc4 47. g4 Ra1 48. gxf5 gxf5 49. Rf2 Kxc3 50. Rxf5 Re1+ 51. Kf2 Rb1 52. Rd5 Rxb4 53. Ke3 Rb6 54. Kxe4 Kc4 55. Rd4+ Kc5 56. Rd5+ Kc6 57. Rh5 Rb4+ 58. Kd3 Rb7 59. Kc4 Rf7 60. Kb4 Ra7 61. Kc4 Re7 62. Rh6 Rg7 63. Rh5 Rg4+ 64. Kd3 Rg7 65. Kc4 Rf7 66. Kd4 Re7 67. Rh6 Rg7 68. Rh5 Rg4+ 69. Kd3 1/2-1/2

[Event "Baltic Sea Cup"]
[Site "Ronne"]
[Date "2007.08.03"]
[Round "7.31"]
[White "Glibstrup, Jakob"]
[Black "Christensen, Janus"]
[Result "1/2-1/2"]
[WhiteElo "1939"]
[BlackElo "2137"]
[PlyCount "117"]
[EventDate "2007.07.30"]
[EventType "swiss"]
[EventRounds "9"]
[EventCountry "DEN"]
[SourceTitle "EXT 2023"]
[Source "ChessBase"]
[SourceDate "2022.10.05"]
[SourceVersion "1"]
[SourceVersionDate "2022.10.05"]
[SourceQuality "1"]

1. e4 c5 2. Nf3 d6 3. d4 cxd4 4. Nxd4 Nf6 5. Nc3 a6 6. f3 e6 7. Be3 Qc7 8. Qd2 Be7 9. 0-0-0 b5 10. g4 h6 11. h4 Nbd7 12. Qf2 b4 13. Nce2 d5 14. Ng3 dxe4 15. Nxe4 Bb7 16. Nxf6+ Nxf6 17. Bd3 Bd6 18. Bb5+ Ke7 19. Nf5+ exf5 20. Bb6 Bg3 21. Bc5+ Ke6 22. Bc4+ Nd5 23. Bxd5+ Bxd5 24. Rhe1+ Be4 25. gxf5+ Kf6 26. Bd4+ Be5 27. Rxe4 Bxd4 28. Qxd4+ Kxf5 29. Qxg7 Rad8 30. Qg4+ Kf6 31. Rf4+ Ke7 32. Re1+ Kf8 33. Rg1 Qe5 34. Re4 Qf6 35. Rxb4 Re8 36. Rf4 Qe5 37. Re4 Qf6 38. Qg7+ Qxg7 39. Rxe8+ Kxe8 40. Rxg7 Ke7 41. Rg4 Rd8 42. a4 Rd5 43. b4 Rf5 44. Re4+ Kd6 45. f4 Rh5 46. Kd2 Rxh4 47. Kd3 Rh1 48. Kc4 h5 49. b5 axb5+ 50. axb5 h4 51. f5 h3 52. Rh4 h2 53. b6 Kc6 54. Rh6+ Kb7 55. c3 Rf1 56. Rxh2 Rf4+ 57. Kd3 Rxf5 58. Rh6 f6 59. Ke4 1/2-1/2

[Event "Baltic Sea Cup"]
[Site "Ronne"]
[Date "2007.08.03"]
[Round "6.30"]
[White "Holm, Ragnar"]
[Black "Glibstrup, Jakob"]
[Result "1/2-1/2"]
[WhiteElo "2153"]
[BlackElo "1939"]
[PlyCount "21"]
[EventDate "2007.07.30"]
[EventType "swiss"]
[EventRounds "9"]
[EventCountry "DEN"]
[SourceTitle "EXT 2023"]
[Source "ChessBase"]
[SourceDate "2022.10.05"]
[SourceVersion "1"]
[SourceVersionDate "2022.10.05"]
[SourceQuality "1"]

1. c4 Nf6 2. Nc3 g6 3. g3 Bg7 4. Bg2 0-0 5. Nf3 d6 6. 0-0 e5 7. d3 Nc6 8. Rb1 Nh5 9. b4 f5 10. b5 Ne7 11. a4 1/2-1/2

[Event "Baltic Sea Cup"]
[Site "Ronne"]
[Date "2007.08.01"]
[Round "3.30"]
[White "Glibstrup, Jakob"]
[Black "Poulsen, Iver"]
[Result "0-1"]
[WhiteElo "1939"]
[BlackElo "2178"]
[PlyCount "106"]
[EventDate "2007.07.30"]
[EventType "swiss"]
[EventRounds "9"]
[EventCountry "DEN"]
[SourceTitle "EXT 2023"]
[Source "ChessBase"]
[SourceDate "2022.10.05"]
[SourceVersion "1"]
[SourceVersionDate "2022.10.05"]
[SourceQuality "1"]

1. e4 c5 2. Nf3 d6 3. d4 cxd4 4. Nxd4 Nf6 5. Nc3 a6 6. f3 e6 7. Be3 b5 8. Qd2 Nbd7 9. 0-0-0 Bb7 10. g4 Nb6 11. g5 Nfd7 12. h4 b4 13. Nb1 d5 14. Qg2 Qc7 15. g6 hxg6 16. Nxe6 Qe5 17. Nxf8 Kxf8 18. Qd2 Qe7 19. Bg5 f6 20. Bf4 g5 21. Bg3 gxh4 22. exd5 Kg8 23. Bxh4 Bxd5 24. Re1 Ne5 25. Bg2 Qb7 26. Qxb4 Rc8 27. Re3 Rc4 28. Qe1 Rf4 29. Bxf6 Rxh1 30. Bxh1 gxf6 31. Qg3+ Qg7 32. Qxf4 Qg1+ 33. Kd2 Nbc4+ 34. Ke2 Nxe3 35. Qxe3 Qxb1 36. Bg2 Qxc2+ 37. Qd2 Qxd2+ 38. Kxd2 Bxf3 39. Bf1 Bb7 40. Ke3 Kf7 41. Kf4 a5 42. Ke3 Ke7 43. Kd4 Kd6 44. b3 Bd5 45. Kc3 Kc5 46. a3 Nc6 47. b4+ Nxb4 48. axb4+ axb4+ 49. Kb2 f5 50. Kc2 Kd4 51. Kd2 Be4 52. Be2 b3 53. Bd1 b2 0-1

[Event "Baltic Sea Cup"]
[Site "Ronne"]
[Date "2007.07.31"]
[Round "2.23"]
[White "Palm, Nikolaj"]
[Black "Glibstrup, Jakob"]
[Result "1-0"]
[WhiteElo "2308"]
[BlackElo "1939"]
[PlyCount "71"]
[EventDate "2007.07.30"]
[EventType "swiss"]
[EventRounds "9"]
[EventCountry "DEN"]
[SourceTitle "EXT 2023"]
[Source "ChessBase"]
[SourceDate "2022.10.05"]
[SourceVersion "1"]
[SourceVersionDate "2022.10.05"]
[SourceQuality "1"]

1. d4 Nf6 2. Nf3 g6 3. b3 Bg7 4. Bb2 0-0 5. Nbd2 d6 6. c4 c5 7. g3 cxd4 8. Nxd4 e5 9. Nb5 Bd7 10. Bg2 Bxb5 11. cxb5 e4 12. 0-0 d5 13. Nb1 Re8 14. Nc3 d4 15. Na4 Nh5 16. Rc1 a6 17. b6 Nc6 18. Rc4 f5 19. Qa1 Qe7 20. Nc5 Rac8 21. Na4 Rcd8 22. Nc5 Rc8 23. Na4 Rcd8 24. Qc1 Be5 25. Nc5 Nb8 26. Rd1 Nd7 27. Nxb7 Rb8 28. Rc7 Bxc7 29. bxc7 Rbc8 30. Qc4+ Kh8 31. Qxd4+ Qe5 32. Qxe5+ Nxe5 33. Bxe5+ Rxe5 34. Rd8+ Re8 35. Rxe8+ Rxe8 36. Nd8 1-0